| 000 | 00474pab a2200157 454500 | ||
|---|---|---|---|
| 008 | 180718b2005 xxu||||| |||| 00| 0 eng d | ||
| 100 | _aWalker, David M. | ||
| 245 | _aOur nation's financial condition and fiscal outlook: shaping the future of the federal government | ||
| 260 | _c2005 | ||
| 300 | _ap.29-33. | ||
| 362 | _aSpring | ||
| 650 | _aFinancial administration - United States | ||
| 650 | _aFinancial administration | ||
| 773 | _aPublic Manager | ||
| 909 | _a66729 | ||
| 999 |
_c66729 _d66729 |
||